Statistics for Songs with "Sun" in the Title

Click here to take the quiz!

General Stats

  • This quiz has been taken 75 times
  • The average score is 7 of 20

Answer Stats

YearArtistSong% Correct
1969The BeatlesHere Comes the Sun
75%
1964The AnimalsHouse of the Rising Sun
64%
1994SoundgardenBlack Hole Sun
57%
1985Katrina and the WavesWalking on Sunshine
52%
1971Bill WithersAin't No Sunshine
41%
1967CreamSunshine of Your Love
39%
1997Smash MouthWalkin' on the Sun
39%
1974Terry JacksSeasons in the Sun
38%
1966The BeatlesGood Day Sunshine
28%
1969The BeatlesThe Sun King
28%
1969The 5th DimensionAquarius/Let the Sunshine In
26%
1983Violent FemmesBlister in the Sun
25%
1999LenSteal My Sunshine
25%
1964The BeatlesI'll Follow the Sun
23%
2002Sheryl CrowSoak Up the Sun
23%
2001WeezerIsland in the Sun
21%
1966DonovanSunshine Superman
21%
1996Rage Against the MachinePeople of the Sun
11%
1968The DoorsWaiting for the Sun
11%
1997U2Staring at the Sun
5%

Score Distribution

Percentile by Number Answered

Percent of People with Each Score

Your Score History

You have not taken this quiz